US States By Middle Letter Quiz Stats

Quiz Updated Oct 17, 2012

Challenge
Share
Tweet
Embed
Score 0/15 Timer 05:00
8 Plays Today
Middle Letter State % Correct
XTexas
83%
IIndiana, Maine, Rhode Island
79.1%
AIdaho, North Carolina, South Carolina
77.8%
BAlabama
77.1%
EMinnesota, New Jersey, New Mexico, Tennessee
76.5%
ZArizona
76.4%
RFlorida, Georgia
70.7%
YNew York
67%
Middle Letter State % Correct
SLouisiana, Mississippi
66%
MVermont, Wyoming
65.7%
DNorth Dakota, South Dakota
59.3%
CConnecticut
53.3%
TMontana
51%
OWisconsin
39.6%
HMassachusetts
35.3%

You're not logged in!

Compare scores with friends on all Sporcle quizzes.
Sign Up with Email
OR
Log In

You Might Also Like...

Show Comments

Extras

Top Quizzes Today


Score Distribution

Your Account Isn't Verified!

In order to create a playlist on Sporcle, you need to verify the email address you used during registration. Go to your Sporcle Settings to finish the process.